Statistiques concernant Pays européens avec la plus jeune population

Cliquez ici pour prendre le quiz!

Statistiques générales

  • Ce quiz a été pris 83 fois
  • Le résultat moyen est 7 sur 10

Statistiques - réponses

Âge moyenPays% Correct
36.8Irlande
91%
36.5Islande
77%
39.2Norvege
77%
40.6Ukraine
75%
40.7Pologne
75%
40.5Royaume-Uni
74%
39.6Russie
69%
40.5Slovaquie
69%
40.0Biélorussie
60%
39.3Luxembourg
45%

Distribution des résultats

Percentile par nombre de réponses

% des personnes avec chaque résultat

Votre développement - résultats

Vous n’avez pas pris ce quiz